Antología del cuento hispanoamericano : (Registro nro. 25473)

Detalles MARC
000 -Cabecera
Campo de control interno 00771nam a22002417a 4500
005 - Fecha y hora del registro
control field 20260424171849.0
008 - Elementos de Longitud Fija
fixed length control field 260417b |||||||| |||| 00| 0 spa d
020 ## - ISBN
ISBN 9786125136152
082 ## - DEWEY y NOTACIÓN INTERNA
Dewey 869.03
Notación Interna C14
100 ## - AUTOR
Autor denominación Cáceres Cuadros, Tito
Término de relación autor
245 ## - TÍTULO DE MATERIAL BIBLIOGRÁFICO
Título Antología del cuento hispanoamericano :
Título paralelo (selección, estudio preliminar y notas)
250 ## - EDICIÓN
Edición Primera edición
260 ## - CIUDAD, EDITORIAL, AÑO
Ciudad Arequipa :
Nombre de la Editorial Editorial UNSA,
Año 2024
300 ## - DESCRIPCIÓN
N° Páginas 255 páginas :
Dimensiones 21 cm.
440 ## - MENCIÓN DE SERIE
Título de la Serie ;
650 ## - TEMAS
Temas Lenguas
653 ## - DESCRIPTORES
Lenguajes no controlado Literatura latinoamericana; Cuento latinoamericano - Siglo XX
654 ## - PROGRAMAS
Programa Todos los programas
700 ## - OTROS AUTORES
Otros autores ;
856 ## - URL - UBICACIÓN
URI/URL: Enlace exacto del recurso <a href="https://itmsp.museknowledge.com/UCSP?groupID=2">https://itmsp.museknowledge.com/UCSP?groupID=2</a>
Nota pública: Versión digital <a href="Véase además: Biblioteca Digital">Véase además: Biblioteca Digital</a>
942 ## - ELEMENTOS DE KOHA
Tipo de documento Libro
Nombre del creador Justo Noguera
Código de catalogador Margarita Torres
Suppress in OPAC No
Esquema de clasificación Dewey Decimal Classification
Existencias
Codigo completo Registro Colección Copia número Disponibilidad Tipo de préstamo Biblioteca Actual Procedencia (Biblioteca) Ubicacón Fecha Ingreso Tipo de Adquisición Observación Date last seen Total checkouts Price effective from Tipo de Item Estado del Material Fuente de Clasificación Damaged status Withdrawn status
869.03 C14 1088488 Universidad Católica San Pablo 1 No disponible Proceso Víctor Andrés Belaunde Víctor Andrés Belaunde Planta baja abierta 17/04/2026 Donación Tito Cáceres 17/04/2026   17/04/2026 Libro Bueno Dewey Decimal Classification   Withdrawn
869.03 C14 1088489 Universidad Católica San Pablo 2 No disponible Proceso Víctor Andrés Belaunde Víctor Andrés Belaunde Planta baja abierta 17/04/2026 Donación Tito Cáceres 17/04/2026   17/04/2026 Libro Bueno Dewey Decimal Classification   Withdrawn